• 首页
  • 本馆介绍
  • 公告通知
  • 最新文献
  • 馆藏检索
  • 电子资源
  • 读者导购
  • 参考咨询
  • 我的图书馆
  • 登录
  • 详细信息显示
  • 放入我的书架
  • 预约/预借图书
  • 作者相关作品
  • 分类相关作品
  • 丛书相关作品
  • 出版社相关作品

书目信息

  • 表格格式
  • 工作单格式
  • 卡片格式
题名:
辛弃疾全集
    
 
作者: 辛弃疾 著 ;徐汉明 编
分册:  
出版信息: 成都   四川文艺出版社  1994
页数: 492页
开本: 20cm
丛书名:
单 册:
中图分类: I214.42 , I211
科图分类:
主题词:
电子资源:
ISBN: 7-5411-1169-4
000 00715nam0 2200241 450
001 1257625628
005 20121013160145.59
010    @a7-5411-1169-4@dCNY23.00
100    @a19931213d1994 em y0chiy0110 ea
101 0  @achi
102    @aCN@b510000
105    @acf z 000zy
200 1  @a辛弃疾全集@Axin qi ji quan ji@f(宋)辛弃疾著@g徐汉明编
210    @a成都@c四川文艺出版社@d1994
215    @a492页@c肖像及书影@d20cm
600  0 @a辛弃疾@f(1140~1207)@x全集
600  0 @2CT@3S083179@a辛弃疾@f(1140~1207)
690    @aI214.42@v三版
690    @aI211@v4
701  0 @c(宋)@a辛弃疾@Axin qi ji@f(1140~1207)@4著
702  0 @a徐汉明@Axu han ming@4编
801  0 @aCN@bNLC@c20101222
905    @a10447@dI211@eJY161
    
    辛弃疾全集/(宋)辛弃疾著/徐汉明编.-成都:四川文艺出版社,1994
    492页:肖像及书影;20cm
    
    
    ISBN 7-5411-1169-4:CNY23.00
    
●
相关链接 在E读中查询图书 在五车中查询图书 在当当中查询图书 在豆瓣中查询图书


正题名:辛弃疾全集     索取号:I211/JY161         预约/预借

序号 登录号 条形码 馆藏地/架位号 状态 备注
1 7822845   278228455   学院路分馆/ [索取号:I211/JY161] 在馆    
2 7822846   278228464   学院路分馆/ [索取号:I211/JY161] 在馆    
唐山师范学院图书馆 欢迎您!
大连网信软件有限公司© 版权所有